00410cam a22001217a 4500008004000000082001600040100001900056245009600075260003000171300001000201650003000211650004700241180718b1985 xxu||||| |||| 00| 0 eng d aZx5441 Si64 aSingh, Bhanwar aAgrarian structure, technological change and poverty: microlevel evidencecby Bhanwar Singh aNew DelhibAgricolec1985 a259p. aPoverty - India - Gujarat aAgricultural development - India - Gujarat